Statistics for Los Angeles Rams: Pro Bowl Selections

Click here to take the quiz!

General Stats

  • This quiz has been taken 321 times
    (35 since last reset)
  • The average score is 25 of 136

Answer Stats

PositionAmount of SelectionsPlayer% Correct
QB1Matthew Stafford
92%
QB1Jared Goff
88%
DT10Aaron Donald
84%
QB3Kurt Warner
80%
RB4Marshall Faulk
80%
RB4Eric Dickerson
76%
WR1Cooper Kupp
72%
RB1Kyren Williams
72%
CB2Aeneas Williams
68%
DE7Deacon Jones
64%
CB4Jalen Ramsey
64%
DT1Cody Jones
60%
RB3Todd Gurley
60%
WR7Torry Holt
60%
WR4Isaac Bruce
56%
WR1Puka Nacua
56%
WR3Harold Jackson
48%
DT14Merlin Olsen
48%
CB2Monte Jackson
48%
RB3Steven Jackson
48%
T1Andrew Whitworth
44%
QB1Jim Everett
44%
T7Orlando Pace
40%
C6Doug Smith
36%
CB1Gary Green
36%
RB2Jerome Bettis
36%
P4Johnny Hekker
36%
LB1Kevin Greene
36%
QB6Norm Van Brocklin
36%
DE2Paul Miller
36%
T2Bob Brown
32%
DE7Jack Youngblood
32%
QB2Marc Bulger
32%
DT1Roger Brown
32%
WR1Ron Brown
32%
T7Jackie Slater
28%
LB1Jim Youngblood
28%
QB3Roman Gabriel
28%
RB1Charles White
24%
DE2Robert Quinn
24%
CB3Elroy Hirsch
20%
K1Matt Gay
20%
QB2Bob Waterfield
16%
K1Greg Zuerlein
16%
CB4Nolan Cromwell
16%
CB2Pat Thomas
16%
G11Tom Mack
16%
RB1Tommy Wilson
16%
G1Adam Timmerman
12%
FB3Dick Bass
12%
WR3Henry Ellard
12%
QB1James Harris
12%
CB4Jerry Gray
12%
DE1Kevin Carter
12%
RB5Lawrence McCutcheon
12%
DE1Leonard Little
12%
CB2LeRoy Irvin
12%
CB1Todd Lyght
12%
T2Chet Adams
8%
LB6Isiah Robertson
8%
K1Jeff Wilkins
8%
QB1John Hadl
8%
RB5Jon Arnett
8%
DE1Lamar Lundy
8%
WR1Pharoh Cooper
8%
C6Rich Saul
8%
CB2Rod Perry
8%
DE1Tom Fears
8%
G2Tom Newberry
8%
CB1Woodley Lewis
8%
QB1Billy Wade
4%
LB1Carl Ekern
4%
P1Dale Hatcher
4%
G6Dennis Harrah
4%
T2Doug France
4%
DE1Fred Dryer
4%
WR1Jack Snow
4%
G5Kent Hill
4%
DT5Larry Brooks
4%
LB8Les Richter
4%
QB1Pat Haden
4%
DT1Sean Gilbert
4%
DT2Stan West
4%
RB1Willie Ellison
4%
DE2Andy Robustelli
0%
RB1Bernie Casey
0%
DE1Bob Boyd
0%
RB1Bosh Pritchard
0%
K2Bruce Gossett
0%
DT2Bud McFadin
0%
T3Charlie Cowan
0%
LB1Cory Littleton
0%
DE1Coy Bacon
0%
RB1Dante Magnani
0%
FB4Dan Towler
0%
P1Dave Chapple
0%
DE2Del Shofner
0%
G1Dick Daugherty
0%
FB1Dick Hoerner
0%
T1Dick Huffman
0%
LB3Don Paul
0%
G5Duane Putnam
0%
CB6Eddie Meanor
0%
RB1Ed Goddard
0%
K1Frank Corral
0%
T1Frank Varrichione
0%
LS2Jack McQuaide
0%
LB1Jack Pardee
0%
LB2Jack Reynolds
0%
DE1Jim Benton
0%
RB1Jim Bertelsen
0%
LB1Jim Collins
0%
DT1Jim Winkler
0%
T1Joe Carollo
0%
G1Joe Scibelli
0%
G1John Hock
0%
RB3Johnny Brake
0%
RB3Johnny Drake
0%
DE2Larry Brink
0%
CB1Leon Clarke
0%
C1Leon McLaughlin
0%
RB1Les Josephson
0%
LB1Marlin McKeever
0%
LB4Maxie Baughan
0%
RB1Olie Cordill
0%
RB1Parker Hall
0%
DE1Red Phillips
0%
WR1Ron Jessie
0%
RB1Ron Walter
0%
RB1Skeets Quinlan
0%
FB4Tank Younger
0%
T1Ted Livingston
0%
RB1Tommy McDonald
0%
RB1Vic Spadaccini
0%
CB2Will Sherman
0%

Score Distribution

Percentile by Number Answered

Percent of People with Each Score

Your Score History

You have not taken this quiz since the last reset